Cases in Strategic Management (Record no. 2210)

MARC details
005 - DATE AND TIME OF LATEST TRANSACTION
control field 20250626151418.0
020 ## - INTERNATIONAL STANDARD BOOK NUMBER
International Standard Book Number 0-471-85463-8
082 ## - DEWEY DECIMAL CLASSIFICATION NUMBER
Classification number 658,401 BOS
100 ## - MAIN ENTRY--PERSONAL NAME
Author name BOSEMAN, G
245 ## - TITLE STATEMENT
Title Cases in Strategic Management
260 ## - PUBLICATION, DISTRIBUTION, ETC.
Place of publication, distribution, etc. New York,
Name of publisher, distributor, etc. John Wily & Sons,
Date of publication, distribution, etc. 1988.
300 ## - PHYSICAL DESCRIPTION
Extent ix, 476p.: ill.; table,
Other physical details reference,
Dimensions 23cm.
700 ## - ADDED ENTRY--PERSONAL NAME
Other authors/Editors PHATAK, A .
942 ## - ADDED ENTRY ELEMENTS (KOHA)
Source of classification or shelving scheme Dewey Decimal Classification
Koha item type Books
Holdings
Date last seen Total checkouts Full call number Barcode Cost, replacement price Price effective from Koha item type Lost status Source of classification or shelving scheme Damaged status Not for loan Withdrawn status Home library Current library Shelving location Date acquired Cost, normal purchase price
06/26/2025   658.4'01 STR DOM0001182 45000.00 06/26/2025 Books   Dewey Decimal Classification       CBE Dodoma CBE Dodoma General Collection 06/26/2012 15000.00
05/08/2025   658.401 BOS 0000008533 45000.00 05/08/2025 Books   Dewey Decimal Classification       College of Business Education Main Library College of Business Education Main Library General Collection 11/10/1991 15000.00
05/08/2025   658.401 BOS 0000008534 45000.00 05/08/2025 Books   Dewey Decimal Classification       College of Business Education Main Library College of Business Education Main Library General Collection 11/10/1991 15000.00
05/08/2025   658.401 BOS 0000008535 45000.00 05/08/2025 Books   Dewey Decimal Classification       College of Business Education Main Library College of Business Education Main Library General Collection 11/10/1991 15000.00
05/08/2025   658.401 BOS 0000008536 45000.00 05/08/2025 Books   Dewey Decimal Classification       College of Business Education Main Library College of Business Education Main Library General Collection 11/10/1991 15000.00